La psychanalyse du texte littéraire

Պահպանված է:
Մատենագիտական մանրամասներ
Հիմնական հեղինակ: Bellemin-Noël, Jean
Ձևաչափ: Գիրք
Լեզու:Undetermined
Հրապարակվել է: París, Francia Nathan 1999
Խորագրեր:
Ցուցիչներ: Ավելացրեք ցուցիչ
Չկան պիտակներ, Եղեք առաջինը, ով նշում է այս գրառումը!

MARC

LEADER 00000nam a2200000Ia 4500
008 170316s9999 xx 000 0 und d
040 |a cru BVZT 
090 |a C-840 B-3.1p 
100 |a Bellemin-Noël, Jean 
245 |a La psychanalyse du texte littéraire 
260 |a París, Francia 
260 |b Nathan 
260 |c 1999 
300 |a 127 páginas 
650 |a LITERATURA FRANCESA 
650 |a CRÍTICA 
999 |c 12945  |d 12945 
942 |c 15 D  |h C-840 B-3.1p  |2 z